Phương pháp và tư liệu giảng dạy môn giáo dục công dân
Phương pháp giảng dạy, quan điểm định hướng cho việc đổi mới phương pháp dạy học và tư liệu phục vụ giảng dạy môn học giáo dục công dân
Saved in:
| Main Author: | |
|---|---|
| Format: | Book |
| Language: | Vietnamese |
| Published: |
H.
Giáo dục
1998
|
| Subjects: | |
| Tags: |
Add Tag
No Tags, Be the first to tag this record!
|
| Institutions: | Mạng thư viện Đại học Đà Nẵng |
|---|
| LEADER | 01302nam a22003498a 4500 | ||
|---|---|---|---|
| 001 | 000015334 | ||
| 003 | 11711 | ||
| 005 | 20120525150535.0 | ||
| 008 | 120525s1998 b 000 0 vieod | ||
| 020 | |c 5500đ |d 2300b | ||
| 041 | 0 | |a vie | |
| 080 | |a 37(V)(07) | ||
| 082 | |a 320.4071 |b LÊ-Q | ||
| 084 | |a U426.9 |b PH561P | ||
| 100 | 1 | |a Lê Đức Quảng | |
| 245 | 1 | 0 | |a Phương pháp và tư liệu giảng dạy môn giáo dục công dân |c Lê Đức Quảng |
| 260 | |a H. |b Giáo dục |c 1998 | ||
| 300 | |a 136tr |c 21cm | ||
| 520 | |a Phương pháp giảng dạy, quan điểm định hướng cho việc đổi mới phương pháp dạy học và tư liệu phục vụ giảng dạy môn học giáo dục công dân | ||
| 653 | |a Phương pháp giảng dạy | ||
| 653 | |a giáo dục công dân | ||
| 653 | |a sách giáo viên | ||
| OWN | |a LSP | ||
| AVA | |a UDN50 |b LSP |d 320.4071 LÊ-Q |e available |t Error 5001 Not defined in file expand_doc_bib_avail. |f 2 |g 0 |h N |i 0 |k 1 | ||
| 999 | |a From the UDN01 | ||
| AVA | |a UDN50 |b LSP |d 320.4071 LÊ-Q |e available |t Error 5001 Not defined in file expand_doc_bib_avail. |f 2 |g 0 |h N |i 0 |k 1 | ||
| TYP | |a Monograph | ||
| TYP | |a Printed language | ||
| 980 | |a Mạng thư viện Đại học Đà Nẵng | ||